Normal view MARC view

Entry Corporate Name

Number of records used in: 2

001 - CONTROL NUMBER

  • control field: 259375

003 - CONTROL NUMBER IDENTIFIER

  • control field: OSt

005 - DATE AND TIME OF LATEST TRANSACTION

  • control field: 20220925183820.0

008 - FIXED-LENGTH DATA ELEMENTS

  • fixed length control field: 220925|| aca||aabn | a|a d

040 ## - CATALOGING SOURCE

  • Original cataloging agency: OSt
  • Transcribing agency: OSt

110 ## - HEADING--CORPORATE NAME

  • Corporate name or jurisdiction name as entry element: DELHI,ECO.AND STATISTICS (D/O-)

670 ## - SOURCE DATA FOUND

  • Source citation: Work cat.: (OSt)505911: DELHI,ECO.AND STATISTICS (D/O-)., Report on participation in cultural activities in Delhi , 1996
Copyright @ Delhi University Library System